000 00452nam a2200181 a 4500
001 1765971515421
003 ACL
005 20251217171701.0
008 251217s1991##################000#0#eng##
020 _a9780345367884
082 0 4 _a641.5638
_bMAJ
100 1 _aMajors, Judith S.,
_eauthor.
245 1 0 _aSugar Free-- Microwavery :
260 _bBallantine,
_c1991.
650 0 _aMicrowave cooking.
942 _cENGLISH
040 _aACL
_beng
_cACL
999 _c603087
_d603087